Tomás Segovia : [poesía] /

Breve antología de la poesía de Segovia, cuyo eje rector es el motivo de la luz, seleccionada por el escritor José María Espinasa con base en los libros de Fiel imagen (1997), Lo inmortal y otros poemas (1998), Misma juventud (2000) y Salir con vida (2003).

Spremljeno u:
Bibliografski detalji
Glavni autor: Segovia, Tomás (autor)
Daljnji autori: Espinasa, José María (selección) (selección)
Format: Knjiga
Jezik:španjolski
Izdano: San Luis Potosí, México : México : Gobierno del Estado de San Luis Potosí, Casa López Velarde ; Ediciones sin Nombre, 2005, c2005
Serija:(Papeles de la Casa López Velarde)
Teme:
Oznake: Dodaj oznaku
Bez oznaka, Budi prvi tko označuje ovaj zapis!

MARC

LEADER 00000nam^a2200000^a^4500
001 000311800
005 20250521000000.0
009 20260310113055.512
025 |a Donación sin dato, 1 ejemplar 
037 |a Acervo ITESO - Biblioteca 
041 |a ESP 
082 |a 861.  |b SEG 
100 |a Segovia, Tomás  |e (autor) 
245 1 0 |a Tomás Segovia :  |b [poesía] /  |c T. Segovia ; selec. e introd. de J.M. Espinasa. 
264 4 |a San Luis Potosí, México :  |b Gobierno del Estado de San Luis Potosí, Casa López Velarde ;  |a México :  |b Ediciones sin Nombre,  |c 2005, c2005 
300 |a 1 folleto (31 p.) 
336 |a texto  |b txt  |2 rdacontenido 
337 |a sin mediación  |b n  |2 rdamedio 
338 |a volumen  |b nc  |2 rdasoporte 
440 1 |a (Papeles de la Casa López Velarde) 
520 |a Breve antología de la poesía de Segovia, cuyo eje rector es el motivo de la luz, seleccionada por el escritor José María Espinasa con base en los libros de Fiel imagen (1997), Lo inmortal y otros poemas (1998), Misma juventud (2000) y Salir con vida (2003). 
545 0 |a Tomás Segovia (Valencia, España 1927-México, 2011), poeta mexicano de origen español, figura fundamental de la literatura y la vida cultural de México, realizó estudios de filosofía y letras en Francia y Marruecos. Como crítico, traductor y profesor de literatura, fundó la publicación Presencia (1946), fue director de la Revista Mexicana de Literatura (1958-1963), formó parte de Plural y colaboró en Vuelta. Autor, entre otras obras, de los libros de poesía La luz provisional; El sol y su eco; Anagnórisis; Figura y secuencias; Cantata a solas; Casa del nómada; Fiel imagen, de los de ensayo Contracorrientes; Poética y profética; y Alegatorio; de la obra de teatro, Zamora bajo los astros. En narrativa, Trizadero; Personajes mirando una nube; Otro invierno. Los temas del exilio y la pertenencia patria son recurrentes en su obra, convirtiéndolos en sentimientos universales sobre la poesía y la existencia humana; en su poesía, con un lenguaje claro, transmite su capacidad de asombro frente a lo cotidiano, a la vez que una gran frescura para plantear preguntas vitales para descifrar el mundo. Fue galardonado, entre otros, con los premios Xavier Villaurrutia (1972), Magda Donato (1983), Nacional de Traducción Alfonso X (1982, 1983 y 1984), Octavio Paz de Poesía y Ensayo (2000) y de Literatura Latinoamericana y del Caribe Juan Rulfo (2005). Fue miembro de la Orden de la Cultura del gobierno francés y del Sistema Nacional de Creadores Artísticos en México. 
561 |a Ex libris manuscrito de Luis Bernardo Jaime V., fechado en 2005 
586 |a Premio de Literatura Latinoamericana y del Caribe Juan Rulfo 2005 
649 |a XX 
650 |a Poesía Española 
650 |a Poesía Mexicana 
650 |a Generación del Medio Siglo (Literatura Mexicana) 
650 |a Literatura Española -  |y Siglo XX 
650 |a Literatura Española -  |y Siglo XXI 
650 |a Literatura Mexicana -  |y Siglo XX 
650 |a Literatura Mexicana -  |y Siglo XXI 
650 |a Luz en la Literatura 
700 |a Espinasa, José María  |e (selección) 
910 |a Fondo General 
920 |a Impresos - Libros 
930 |a Colección General 
940 |a Literatura 
905 |a 101 
901 |a 0500198319  |b IT1  |c LIT  |i D  |u 20250521 
901 |a 0500284448  |b IT2  |c FOL  |i D76238  |u 20250521 
902 |a https://opac.biblio.iteso.mx/vufind/Record/000311800